000 00495nam a2200181 4500
003 SEACOMMC
005 20250430123741.0
008 250110b |||||||| |||| 00| 0 eng d
020 _a 978-93-5202-575-6
_cRs.80.00
040 _aSEACOMMC
082 _a658.453
_bK 96
100 _a Shivkumar, M.
245 1 _aGuidelines on Project Report
_c M. Shivkumar and M Prakash
250 _a2nd rev.ed.
260 _a Mumbai
_b Himalaya Publishing House
_c 2001
650 _a Commerce
942 _cBOOK
999 _c981
_d981